BEGINNING ALGEBRA (Record no. 216476)

MARC details
000 -LEADER
fixed length control field 00468nam a22001817a 4500
008 - FIXED-LENGTH DATA ELEMENTS--GENERAL INFORMATION
fixed length control field 260119b |||||||| |||| 00| 0 eng d
020 ## - INTERNATIONAL STANDARD BOOK NUMBER
International Standard Book Number 978-0-07-338420-7
050 ## - LIBRARY OF CONGRESS CALL NUMBER
Classification number QA 152.3 .M55 2011
100 ## - MAIN ENTRY--PERSONAL NAME
Personal name MILLER, JULIE
245 ## - TITLE STATEMENT
Title BEGINNING ALGEBRA
250 ## - EDITION STATEMENT
Edition statement 3RD
260 ## - PUBLICATION, DISTRIBUTION, ETC.
Place of publication, distribution, etc. NEWE YORK
Name of publisher, distributor, etc. McGRAW-HILL
Date of publication, distribution, etc. 2011
300 ## - PHYSICAL DESCRIPTION
Extent XXVI,703P.
500 ## - GENERAL NOTE
General note INCLUDES INDEX
700 ## - ADDED ENTRY--PERSONAL NAME
Personal name 1. O'NEILL, MOLLY 2. HYDE, NANCY
942 ## - ADDED ENTRY ELEMENTS (KOHA)
Source of classification or shelving scheme Library of Congress Classification
Koha item type Long Loan Book
Holdings
Withdrawn status Lost status Source of classification or shelving scheme Damaged status Not for loan Collection Home library Current library Shelving location Date acquired Inventory number Total checkouts Full call number Barcode Date last seen Copy number Price effective from Koha item type
    Library of Congress Classification     Science & Technology Kisii University Library Kisii University Library On Display 01/18/2026 64851   QA 152.3 .M55 2011 000000023461 01/19/2026 3 01/19/2026 Long Loan Book